000 00708cam a2200253 4500
001 J84464
008 090401t1997 xxu||||| |||| 00| 0 eng d
035 _a(Sirsi) u78859
041 _aeng
050 _a333.7
100 _aGriffith, Alan
245 _aEnvironmental management in the construction process.
260 _aAscot, Berks.
_bCIOB
_c1997
300 _a12p. ; 30cm.
350 _a5
490 _aConstruction Papers
_v75
650 _aCONSTRUCTION INDUSTRY
650 _aENVIRONMENTAL MANAGEMENT SYSTEMS
650 _aENVIRONMENTAL MANAGEMENT
690 _aENVIRONMENTAL AND LAND CONSULTANCY
710 _aChartered Institute of Building
_92134
942 _n0
948 _c11/06/1997
999 _c96497
_d96497